000 004180000a22001090004500
090 _aAS
_bSeriadas
245 1 0 _aDistribución de ostrácodos en laguna costera: Ciénaga Mohán, isla Barú, Caribe colombiano
041 0 _aEspañol
100 1 _aReyes de Carvajal, Lucy
_999182
942 _cARTICULO
773 1 _tRevista de la Academia Colombiana de Ciencias Exactas, Fisicas y Naturales
_332
_hSupl. Esp.
_q583-593
_d1999
_g23
999 _c14282
_d14282